000 01107nam0a22002651 4500
001 rc\3984965
005 20130415122416.3
021 _aRU
_b[55-60382]
035 _a(NLR Aleph) 007937229
090 _a8256329
_c8256329
100 _a20130415d1955 |||y0rusy50 ca
101 0 _arus
102 _aRU
105 _aac z |||e|
200 1 _aК.С. Станиславский. 1863-1938
_eМатериалы. Письма. Исследования
_f[Под общ. ред. акад. И.Э. Грабаря и др.]
_g[Акад. наук СССР. Ин-т истории искусств]
210 _aМосква
_cИзд-во Акад. Наук СССР
_d1955
215 _a700 с., 1 л. портр.
_cил.
_d27
225 1 _aТеатральное наследство
_v1
702 1 _aСтаниславский
_bК. С.
_4570
702 1 _aГрабарь
_bИ. Э.
_cхудожник, искусствовед
_f1871-1960
_gИгорь Эммануилович
_3RU\NLR\AUTH\7768699
_4340
801 0 _aRU
_bNLR
_gpsbo
801 1 _aRU
_bELAR
_2rusmarc
852 _aNLR
_jП32/203
942 _cBOOK
980 _aNB